Flaggen von Ländern, die mit S beginnen - Statistiken

Allgemein
  • Dieses Quiz wurde 140 mal gespielt
    93 seit der letzten Aktualisierung
  • Das Durchschnittsergebnis liegt bei 23 aus 28
Antwortstatistiken
Bildquiz Antwort % Korrekt
Südkorea
96%
Schweiz
95%
Slowakei
95%
Spanien
95%
Saudi-Arabien
94%
Schweden
94%
Slowenien
94%
San Marino
93%
Serbien
93%
Südafrika
93%
Senegal
88%
Sambia
86%
Syrien
86%
Singapur
85%
Somalia
84%
Sudan
81%
Sri Lanka
80%
Seychellen
76%
Simbabwe
76%
Samoa
74%
Südsudan
74%
St. Lucia
73%
St. Vincent und die Grenadinen
70%
Suriname
70%
St. Kitts und Nevis
68%
Salomonen
66%
Sierra Leone
64%
Sao Tome
63%
Keine übereinstimmenden Quizze gefunden
Verteilung der Resultate
Anzahl Personen mit jedem Resultat
Perzentil nach korrekt beantworteten Fragen
Ihre Resultats-Entwicklung
Sie haben dieses Quiz seit der letzten Aktualisierung nicht gespielt